| 000 | 00614nam a2200193Ia 4500 | ||
|---|---|---|---|
| 003 | LDD | ||
| 008 | 190117s9999 xx 000 0 und d | ||
| 020 |
_a8171380409 _c₹125 |
||
| 040 | _cLDD | ||
| 041 | _ahi | ||
| 082 | _a8H4.7 क59266सि | ||
| 100 | _aकमलेश्वर | ||
| 245 | 0 |
_aसिलसिला थमता नहीं _cकमलेश्वर |
|
| 260 |
_aनई दिल्ली _bसामयिक प्रकाशन _c2002 |
||
| 300 | _a128 | ||
| 901 | _aVANI | ||
| 904 | _aReqst by : Satyakam | ||
| 942 |
_2ddc _cH |
||
| 999 |
_c155599 _d155599 |
||